00623nam a2200229 a 4500001001300000003000900013005001700022008004100039020001000080082001800090100001800108245001900126260003300145300000800178500003500186650002100221700001800242902000800260942000700268952010100275999001700376nice12345678IN_TiNIC20260116015304.0071105s2000 no a grd 000 0 eng  ac10000a894.8123bKAM aKamalahasan,  aVirumandi (CD) aNo Pleace bNo Pleace c2000 a00p aincludes index and biblioraphy aFiction-Malayali1 aKamalahasan,  bSRS cND 00104070aHMIbHMId2008-06-25g100.00l0o894.8123 KAMp11002055r2008-06-25w2026-01-16yVM c19090d19090